Tin học từ căn bản đến nâng cao: Lý thuyết bài tập C++ và C#

保存先:
書誌詳細
第一著者: Hoàn Vũ
フォーマット: 図書
言語:Undetermined
出版事項: Thành phố Hồ Chí Minh Tổng Hợp Thành phố Hồ Chí Minh 2006
主題:
タグ: タグ追加
タグなし, このレコードへの初めてのタグを付けませんか!
Thư viện lưu trữ: Trung tâm Học liệu Trường Đại học Cần Thơ
LEADER 00704nam a2200193Ia 4500
001 CTU_110527
008 210402s9999 xx 000 0 und d
020 |c 50000 
082 |a 005.133 
082 |b V500 
100 |a Hoàn Vũ 
245 0 |a Tin học từ căn bản đến nâng cao: Lý thuyết bài tập C++ và C# 
245 0 |c Biên soạn: Hoàn Vũ, Đăng Khoa, Công Sơn 
260 |a Thành phố Hồ Chí Minh 
260 |b Tổng Hợp Thành phố Hồ Chí Minh 
260 |c 2006 
650 |a C ( computer program language ),C++ ( computer program language ) 
904 |i Mai Loan 
980 |a Trung tâm Học liệu Trường Đại học Cần Thơ